000
00305nam a2200133Ia 4500
003
OSt
008
191201s2007 xx 000 0 und d
100
_a
RONHUBBARD, L
245
0
_a
Handbook for Preclears
260
_a
N. Delhi
_b
Hubbard Pub
_c
2007
300
_a
423
650
_a
General Books
942
_2
ddc
_c
BK
999
_c
12
_d
12